All Flags In Europe (1980's) - Statistics

General Stats
  • This quiz has been taken 174 times
    126 since last reset
  • The average score is 36 of 46
Answer Stats
Picture Answer % Correct
Albania
99%
Yugoslavia
92%
United Kingdom
91%
Czechoslovakia
86%
Austria
84%
Belarus
84%
East Germany
84%
Finland
84%
France
84%
Soviet Union
84%
Spain
84%
Ukraine
84%
Hungary
83%
Denmark
82%
Italy
82%
Norway
82%
Poland
82%
Vatican City
82%
Andorra
81%
Greece
81%
Romania
81%
West Germany
81%
Malta
80%
Sweden
80%
Bulgaria
79%
Switzerland
79%
Iceland
78%
Monaco
78%
Portugal
78%
Belgium
77%
Liechtenstein
77%
Serbia
77%
Bosnia And Herzegovina
76%
Estonia
76%
Ireland
76%
Latvia
74%
Luxembourg
73%
Lithuania
72%
Netherlands
72%
Croatia
71%
Slovenia
70%
Montenegro
69%
Moldova
68%
Russia
66%
San Marino
63%
North Macedonia
57%
No matching quizzes found
Score Distribution
Percent of People with Each Score
Percentile by Number Answered
Your Score History
You have not taken this quiz since the last reset